Capital Cities by AI-Generated Images #2 - Statistics

General Stats
  • This quiz has been taken 133 times
  • The average score is 12 of 18
Answer Stats
Picture Answer % Correct
Berlin
92%
Amsterdam
88%
Beijing
88%
Singapore
83%
Budapest
78%
Copenhagen
77%
Madrid
75%
Monaco
75%
Pyongyang
63%
Kiev
59%
Luxembourg
58%
Brasilia
53%
Brussels
53%
Sofia
52%
Dublin
50%
Mexico City
45%
Panama City
45%
Ottawa
41%
No matching quizzes found
Score Distribution
Percent of People with Each Score
Percentile by Number Answered
Your Score History
You have not taken this quiz